Catalog

Record Details

Catalog Search



Nástin poválečné české literatury 1945-1980  Cover Image Book Book

Nástin poválečné české literatury 1945-1980 / Vítězslav Rzounek

Record details

  • Physical Description: 345 s. ; 20 cm
  • Edition: 1. vyd.
  • Publisher: Praha : Československý spisovatel, 1984

Content descriptions

General Note:
Pozn. biografické a bibliogr
Přehl. lit
Přehled děl přel. do cizích jaz.
Synchronická tb. hl. poválečných událostí
20000 výt.
Jmenný rejstřík sest. Eva Šimůnková
Obálka Helena Škodová

Available copies

  • 1 of 1 copy available at Common Catalog SPOK.

Holds

  • 0 current holds with 1 total copy.
Show Only Available Copies
Location Call Number / Copy Notes Barcode Shelving Location Status Due Date
KDS Library 80 RzV 204576802904 Library Available -

LDR 01104nam a2200337 4500
00122327
003CZ-PrJAB
00520150721110234.0
007tu
008850429s1984 xr u0|0 cze
015 . ‡acnb000025044
020 . ‡q(Váz.) : ‡c29 Kčs
035 . ‡a(CZ PrNK)ck8501001
035 . ‡a(OCoLC)12271735
040 . ‡aABA001 ‡bcze ‡dABA001
080 . ‡a885.0 ‡2undef
1001 . ‡aRzounek, Vítězslav, ‡d1921-2001 ‡7jk01103438 ‡4aut
24510. ‡aNástin poválečné české literatury 1945-1980 / ‡cVítězslav Rzounek
250 . ‡a1. vyd.
260 . ‡aPraha : ‡bČeskoslovenský spisovatel, ‡c1984 ‡e(Vimperk : ‡fStráž)
300 . ‡a345 s. ; ‡c20 cm
500 . ‡aPozn. biografické a bibliogr
500 . ‡aPřehl. lit
500 . ‡aPřehled děl přel. do cizích jaz.
500 . ‡aSynchronická tb. hl. poválečných událostí
500 . ‡a20000 výt.
500 . ‡aJmenný rejstřík sest. Eva Šimůnková
500 . ‡aObálka Helena Škodová
7001 . ‡aŠimůnková, Eva, ‡d1936- ‡7jk01130147 ‡4aut
910 . ‡aABE463
964 . ‡aliteratura česká - r. 1945-1980 - vývoj
998 . ‡a000025044
901 . ‡a22327 ‡b ‡c22327 ‡tbiblio

Additional Resources